[Event "Extraliga CZE 2004-5"]
[Site "Czech Rep CZE"]
[Date "2004.11.07"]
[Round "2"]
[White "Bazant,P jr"]
[Black "Bernasek,J"]
[Result "0-1"]
[WhiteElo "2361"]
[BlackElo "2384"]

1.e4 c5 2.Nf3 d6 3.Bb5+ Nc6 4.O-O Bg4 5.h3 Bh5 6.c3 Qb6 7.Na3 e6 8.d4 cxd4
9.g4 Bg6 10.Nxd4 e5 11.Nf5 Bxf5 12.exf5 Nf6 13.Be3 Qc7 14.Qa4 Be7 15.Rad1 h6
16.Bc4 O-O 17.Bd5 a6 18.c4 Rac8 19.Bg2 e4 20.f4 exf3 21.Rxf3 Ne5 22.Rf4 Nfd7
23.Bf2 Nb6 24.Qb3 Nbxc4 25.Nxc4 Nxc4 26.Qxb7 Bg5 27.Rfd4 Bf6 28.Qxa6 Nxb2
29.Re1 Bxd4 30.Bxd4 Qc2 31.Qxd6 Qd2 32.Qe5 f6 33.Qe6+ Kh7 34.Bxb2 Rc2 35.Qe4 Rxb2
36.Rf1 Re8 37.Qd5 Qb4 38.g5 hxg5 39.Qf3 Qd4+ 40.Kh1 Qh4 41.a4 Ree2 42.Rg1 Rf2
43.Qe3 g4 44.Kh2 Rf3  0-1

[Event "WYb18"]
[Site "Heraklio GRE"]
[Date "2004.11.07"]
[Round "5"]
[White "Iskakov,A1"]
[Black "Brandenburg,D"]
[Result "1/2-1/2"]
[WhiteElo "2431"]
[BlackElo "2340"]

1.e4 c5 2.Nf3 d6 3.Bb5+ Bd7 4.Bxd7+ Qxd7 5.O-O Nf6 6.Qe2 Nc6 7.c3 e6 8.d4 cxd4
9.cxd4 d5 10.e5 Ne4 11.Be3 Be7 12.Ne1 f5 13.Nd3 O-O 14.f3 Ng5 15.h4 Nf7 16.Qf2 Rac8
17.Nc3 Na5 18.Rad1 Nc4 19.Bc1 a5 20.Ne2 a4 21.Nef4 Nd8 22.Nh5 Qe8 23.Nhf4 b5
24.Qg3 Qf7 25.h5 Nc6 26.Ng6 Nxd4 27.Nxe7+ Qxe7 28.Nf4 Nc6 29.h6 g6 30.b3 N4xe5
31.Bb2 d4 32.Rfe1 Rcd8 33.Rc1 a3 34.Bxa3 b4 35.Bb2 Rd6 36.Rc5 Nd7 37.Rxc6 Rxc6
38.Nxg6 hxg6 39.Qxg6+ Kh8 40.Bxd4+ Nf6 41.g4 fxg4 42.fxg4 e5 43.g5 Nd5 44.Rxe5 Rxg6
45.Rxe7+ Nf6  1/2-1/2

[Event "V Open"]
[Site "Sauzal ESP"]
[Date "2004.11.07"]
[Round "8"]
[White "Cabrera,A"]
[Black "Perera,P"]
[Result "1-0"]
[WhiteElo "2502"]
[BlackElo "2211"]

1.e4 c5 2.Nf3 d6 3.Bb5+ Nc6 4.O-O Bd7 5.Re1 a6 6.Bxc6 Bxc6 7.d4 cxd4 8.Nxd4 Nf6
9.Nxc6 bxc6 10.Qf3 e5 11.Na3 Qa5 12.Bg5 Be7 13.Nc4 Qc7 14.Rad1 Rd8 15.Bxf6 Bxf6
16.Qa3 O-O 17.Qa5 Qb8 18.Rd3 Rd7 19.Red1 Rfd8 20.b3 Qb5 21.a4 Qb8 22.Qxa6 d5
23.Qxc6 Rc7 24.Qb6 Rb7 25.Qe3 Ra7 26.Qd2 Rad7 27.Rxd5  1-0

[Event "TCh-SWE Elitserien 2004-5"]
[Site "Skara SWE"]
[Date "2004.11.07"]
[Round "3"]
[White "Svensson,B"]
[Black "Karlsson,L"]
[Result "1/2-1/2"]
[WhiteElo "2390"]
[BlackElo "2472"]

1.e4 c5 2.Nf3 d6 3.Bb5+ Bd7 4.Bxd7+ Qxd7 5.O-O Nc6 6.c3 Nf6 7.d4 cxd4 8.cxd4 d5
9.e5 Ng8 10.Nc3 e6 11.Ne2 Nge7 12.Ng3 h5 13.Bg5 Ng6 14.Ne2 Be7 15.Bxe7 Qxe7  1/2-1/2

[Event "WYb14"]
[Site "Heraklio GRE"]
[Date "2004.11.08"]
[Round "6"]
[White "Edouard,R"]
[Black "Le Quang Liem"]
[Result "1/2-1/2"]
[WhiteElo "2212"]
[BlackElo "2329"]

1.e4 c5 2.Nf3 d6 3.Bb5+ Bd7 4.Bxd7+ Qxd7 5.c4 Nc6 6.O-O g6 7.d4 cxd4 8.Nxd4 Bg7
9.Be3 Nf6 10.f3 O-O 11.Nc3 Rac8 12.b3 a6 13.a4 Qd8 14.Qd2 Qa5 15.Rfd1 Rfe8
16.Rab1 Nxd4 17.Bxd4 Nd7 18.Bxg7 Kxg7 19.Kh1 Nf6 20.Qb2 Qe5 21.Qc1 h5 22.Qe3 Qc5
23.Qd2 Nd7 24.Nd5 a5 25.f4 Nf6 26.Qc3 Kg8 27.Nxf6+ exf6 28.Qxf6 Rxe4 29.Rxd6 Qf2
30.Rd8+ Rxd8 31.Qxd8+ Kh7 32.Qxa5 h4 33.h3 Qxf4 34.Qb5 Re7 35.c5 Qe4 36.Rc1 Qe3
37.Rf1 Qe4 38.a5 Qd5 39.Qb4 Re4 40.Qc3 f5 41.b4 Rc4 42.Qe1 Re4 43.Qc3 Rc4
44.Qe1 Re4  1/2-1/2

[Event "WYg18"]
[Site "Heraklio GRE"]
[Date "2004.11.08"]
[Round "6"]
[White "Sebag,M"]
[Black "Kadziolka,B"]
[Result "1-0"]
[WhiteElo "2428"]
[BlackElo "2301"]

1.e4 c5 2.Nf3 d6 3.Bb5+ Nd7 4.O-O Nf6 5.Re1 a6 6.Bf1 e5 7.c3 Be7 8.d4 O-O
9.dxe5 dxe5 10.c4 b6 11.Nc3 Bb7 12.b3 Qc7 13.Bb2 Rfe8 14.Qc2 Bf8 15.Rad1 g6
16.g3 Rad8 17.Bg2 Bg7 18.Qb1 Nb8 19.Nd5 Nxd5 20.exd5 f6 21.h4 Bc8 22.Nh2 f5
23.Qa1 e4 24.Bxg7 Qxg7 25.Qxg7+ Kxg7 26.f3 exf3 27.Nxf3 Nd7 28.Re6 h6 29.Rde1 Rxe6
30.Rxe6 b5 31.Rc6 b4 32.Bh3 Nf6 33.Rc7+ Bd7 34.Ne5  1-0

[Event "Open"]
[Site "Calcutta IND"]
[Date "2004.11.12"]
[Round "6"]
[White "Sandipan,C"]
[Black "Ghaem Maghami,E"]
[Result "1/2-1/2"]
[WhiteElo "2543"]
[BlackElo "2558"]

1.e4 c5 2.Nf3 d6 3.Bb5+ Nd7 4.c3 Nf6 5.Qe2 a6 6.Ba4 e5 7.O-O Be7 8.d4 b5
9.Bc2 O-O 10.b3 cxd4 11.cxd4 Bb7 12.Bb2 exd4 13.Nxd4 Re8 14.Nd2 Bf8 15.N2f3  1/2-1/2

[Event "WYg18"]
[Site "Heraklio GRE"]
[Date "2004.11.12"]
[Round "10"]
[White "Mar,K"]
[Black "Muhren,B"]
[Result "1/2-1/2"]
[WhiteElo "2122"]
[BlackElo "2343"]

1.e4 c5 2.Nf3 d6 3.Bb5+ Nd7 4.d4 cxd4 5.Qxd4 a6 6.Bxd7+ Bxd7 7.Nc3 Nf6 8.Bg5 h6
9.Bh4 e5 10.Qd3 g5 11.Bg3 Be7 12.Nd2 Be6 13.Nc4 Rc8 14.Ne3 Qa5 15.O-O O-O
16.Rfd1 Rfd8 17.Ncd5 Nxd5 18.exd5 Bd7 19.Nf5 Bf8 20.h4 Qb5 21.Qf3 Qxb2 22.hxg5 hxg5
23.Nxd6 Bxd6 24.Qf6 Qxc2 25.Qxd6 Bg4 26.Qxe5 Bxd1 27.Qxg5+ Kf8 28.Qh6+ Ke8
29.Qe3+ Kd7 30.Qf4 Qg6 31.Rxd1 Re8 32.Qa4+ b5 33.Qd4 Re4 34.Qa7+ Ke8 35.d6 Rd8
36.d7+ Kf8 37.Qc7 Qg5 38.f4 Qf6 39.Qc5+ Kg8 40.Qh5 Qb6+ 41.Bf2 Qc7 42.Qg5+ Kh8
43.Rd3 Qc1+ 44.Kh2 Qxf4+ 45.Qxf4 Rxf4 46.Bb6 Rxd7 47.Rxd7 Kg7 48.Ra7 Ra4
49.Kg3 Rxa2 50.Kf3 Kg6 51.g3 Ra3+ 52.Kf4 Ra4+ 53.Kf3 Ra3+ 54.Be3 a5 55.Ra6+  1/2-1/2

[Event "Tch-FIN 2004-5"]
[Site "Finland FIN"]
[Date "2004.11.14"]
[Round "5"]
[White "Nokso Koivisto,An"]
[Black "Luukkonen,T"]
[Result "0-1"]
[WhiteElo "2219"]
[BlackElo "2226"]

1.e4 c5 2.Nf3 d6 3.Bb5+ Nc6 4.O-O Bg4 5.h3 Bh5 6.c3 Nf6 7.Re1 Qb6 8.Bxc6+ Qxc6
9.d3 e6 10.Nbd2 Be7 11.Nf1 Nd7 12.Ng3 Bxf3 13.Qxf3 Ne5 14.Qe2 c4 15.dxc4 Qxc4
16.Qxc4 Nxc4 17.Rd1 h5 18.b3 Ne5 19.c4 a6 20.Ba3 O-O-O 21.Rd2 g5 22.Rad1 Kc7
23.Bb2 Kc6 24.Nf1 g4 25.hxg4 hxg4 26.Ne3 Rdg8 27.Bxe5 dxe5 28.Rd7 Bc5 29.Rxf7 g3
30.Rdd7 b5 31.Rc7+ Kb6 32.Rb7+ Ka5 33.cxb5 axb5 34.a3 Bd4 35.Kf1 Rh1+ 36.Ke2 Rb1
37.b4+ Ka4 38.Rf3 Rb2+ 39.Ke1 Rh8 40.fxg3 Bxe3  0-1

[Event "Acropolis GM"]
[Site "Athens GRE"]
[Date "2004.11.16"]
[Round "1"]
[White "Managadze,N"]
[Black "Vouldis,A"]
[Result "0-1"]
[WhiteElo "2440"]
[BlackElo "2524"]

1.e4 c5 2.Nf3 d6 3.Bb5+ Bd7 4.Bxd7+ Qxd7 5.O-O Nc6 6.c3 Nf6 7.d4 Nxe4 8.d5 Nd8
9.Re1 Nf6 10.Bg5 Ng8 11.b4 h6 12.Be3 cxb4 13.Bd4 Nf6 14.Bxf6 gxf6 15.Nd4 Rg8
16.Nd2 f5 17.Nxf5 Qxf5 18.Ne4 Rg6 19.h4 h5 20.Ng3 Qg4 21.Qa4+ Qd7 22.Qxb4 e5
23.Nxh5 Be7 24.Ng3 f5 25.Qb1 e4 26.Qd1 Rg4 27.Nf1 Nf7 28.g3 O-O-O 29.Ne3 Rgg8
30.Qh5 Ne5 31.Nxf5 Nf3+ 32.Kg2 Nxe1+ 33.Rxe1 Rdf8 34.Nd4 Rh8 35.Qe2 Bxh4
36.Ne6 Bd8 37.Qxe4 Bb6 38.f4 Rfg8 39.Qf5 Kb8 40.Re2 Qh7 41.Qxh7 Rxh7 42.Kf3 Rh1
43.g4 Rf1+ 44.Kg2 Rg1+  0-1

[Event "Acropolis IM Open"]
[Site "Athens GRE"]
[Date "2004.11.17"]
[Round "2"]
[White "Klokas,K"]
[Black "Dobrov,V"]
[Result "0-1"]
[WhiteElo "2221"]
[BlackElo "2487"]

1.e4 c5 2.Nf3 d6 3.Bb5+ Nc6 4.O-O Bd7 5.Re1 Nf6 6.c3 a6 7.Bf1 Bg4 8.d3 e6
9.Nbd2 Nd7 10.h3 Bh5 11.g4 Bg6 12.d4 Be7 13.d5 exd5 14.exd5 Na7 15.Nh4 Ne5
16.Nxg6 Nxg6 17.Ne4 O-O 18.Ng3 Bg5 19.Be3 Nc8 20.Qd2 Bxe3 21.Qxe3 Nce7 22.Rad1 Qd7
23.f4 Rae8 24.Qf2 f5 25.g5 Qa4 26.Ne2 Nc8 27.c4 Qxc4 28.Nd4 Rxe1 29.Qxe1 Qb4
30.Qxb4 cxb4 31.Ne6 Rf7 32.Kf2 Nb6 33.Ke3 Re7 34.Kd4 Nxf4  0-1

[Event "Stek Cup"]
[Site "Tula RUS"]
[Date "2004.11.17"]
[Round "2"]
[White "Sushkov,A"]
[Black "Kozlov,M1"]
[Result "0-1"]
[WhiteElo "2275"]
[BlackElo "2282"]

1.e4 c5 2.Nf3 d6 3.Bb5+ Bd7 4.Nc3 Bxb5 5.Nxb5 Nc6 6.Qe2 a6 7.Na3 Nf6 8.O-O g6
9.e5 dxe5 10.Nxe5 Nd4 11.Qc4 e6 12.c3 b5 13.Qd3 Nf5 14.Qf3 Qd5 15.Nc2 Bd6
16.d4 cxd4 17.cxd4 Nxd4 18.Nxd4 Bxe5 19.Qxd5 Nxd5 20.Be3 Nxe3 21.fxe3 Bxd4
22.exd4 Rc8 23.Rac1 Ke7 24.Rc5 Rhd8 25.b3 Rxc5 26.dxc5 Rd2 27.a3 Ra2 28.Rd1 Rxa3
29.Rd3 a5 30.c6 Ra1+ 31.Kf2 Rc1 32.Rd7+ Kf6 33.Rb7 a4 34.c7 axb3 35.Rxb5 Rxc7
36.Rxb3 h5 37.Ke3 Kf5 38.h3 h4 39.Ra3 e5 40.Rb3 f6 41.Ra3 Rc2 42.Ra5 Rc3+
43.Kf2 g5 44.Rb5 Kf4 45.Rb2 e4 46.Ra2 Rd3 47.Ke1 Re3+ 48.Kf1 f5 49.Rf2+ Ke5
50.Ra2 Rd3 51.Ra5+ Kf4 52.Ra2 Rb3 53.Rf2+ Kg3  0-1

[Event "ch-CRO"]
[Site "Zagreb CRO"]
[Date "2004.11.19"]
[Round "4"]
[White "Jovanovic,Zo2"]
[Black "Cebalo,M"]
[Result "1/2-1/2"]
[WhiteElo "2446"]
[BlackElo "2520"]

1.e4 c5 2.Nf3 d6 3.Bb5+ Bd7 4.Bxd7+ Qxd7 5.O-O Nf6 6.Re1 Nc6 7.c3 e6 8.d4 cxd4
9.cxd4 d5 10.e5 Ne4 11.Nbd2 Nxd2 12.Bxd2 Be7 13.Rc1 O-O 14.Rc3 f5 15.exf6 Bxf6
16.Bf4 Bxd4 17.Nxd4 Rxf4 18.Nxe6 Rf6 19.Nd4 Raf8 20.Nf3 d4 21.Rd3 h6 22.a3 Kh8
23.Re4 Rf4 24.Rxf4 Rxf4 25.Rd2 Re4 26.h3 Qd5 27.Kh2 Ne5 28.Nxe5 Qxe5+ 29.g3 h5
30.Rc2 h4 31.Rc8+ Kh7 32.Qd3 hxg3+ 33.Qxg3 Rf4 34.Rf8 Re4 35.Qxe5 Rxe5 36.Rd8 Re2
37.Kg2 Rxb2 38.Rxd4 b6 39.Rd7 a5 40.Rb7 a4 41.Kg3 Kg6 42.Kg4 Kf6 43.f4 g6  1/2-1/2

[Event "Lushki A"]
[Site "Serpukhov RUS"]
[Date "2004.11.20"]
[Round "3"]
[White "Komliakov,V"]
[Black "Nechepurenko,R"]
[Result "1/2-1/2"]
[WhiteElo "2434"]
[BlackElo "2353"]

1.e4 c5 2.Nf3 d6 3.Bb5+ Bd7 4.Bxd7+ Qxd7 5.c4 Nc6 6.Nc3 Nf6 7.d4 cxd4 8.Nxd4 Qg4
9.O-O Qxd1 10.Rxd1 g6 11.Nde2 Bg7 12.f3 O-O 13.Be3 Rac8 14.b3 a6 15.Rac1 Rfe8
16.h3 Nd7 17.f4 Nc5 18.Kf2 Nb4 19.Kf3 f5 20.Bxc5 Rxc5 21.a3 Nc6 22.Na4 fxe4+
23.Kxe4 Rf5 24.g4 Rf7 25.c5 dxc5 26.Nxc5 e5 27.f5 gxf5+ 28.gxf5 Bf8 29.b4 Bxc5
30.Rxc5 Ref8 31.Rg1+  1/2-1/2

[Event "1st Master Rapid Open"]
[Site "Benidorm ESP"]
[Date "2004.11.21"]
[Round "7"]
[White "Cabrera,A"]
[Black "Renteria,J"]
[Result "0-1"]
[WhiteElo "2502"]
[BlackElo "2259"]

1.e4 c5 2.Nf3 d6 3.Bb5+ Nc6 4.O-O Bd7 5.Re1 Rc8 6.c3 a6 7.Bf1 Bg4 8.h3 Bh5
9.d3 Nf6 10.Bg5 e6 11.Nbd2 Be7 12.a4 O-O 13.g4 Bg6 14.Nh4 Nd7 15.Bxe7 Qxe7
16.Ng2 Qd8 17.Qb3 Qc7 18.f4 h6 19.Nh4 Bh7 20.Bg2 Na5 21.Qa2 c4 22.dxc4 Qc5+
23.Kh1 Nxc4 24.Nxc4 Qxc4 25.Qxc4 Rxc4 26.Rad1 Nc5 27.Rxd6 Nxe4 28.Rd4 Rxd4
29.cxd4 Nf2+ 30.Kg1 Nd3 31.Re3 Nxf4 32.Bxb7 Rb8 33.Bxa6 Rxb2 34.Bf1 g5 35.Ng2 Ra2
36.Nxf4 gxf4 37.Rf3 Rxa4 38.Rxf4 e5 39.Rf6 Rxd4 40.Kf2 Kg7 41.Rb6 Rf4+ 42.Kg1 Rf6
43.Rb5 Rxf1+  0-1

[Event "XXI WJun Women"]
[Site "Kochin IND"]
[Date "2004.11.21"]
[Round "3"]
[White "Paehtz,E"]
[Black "Zhang Jilin"]
[Result "1/2-1/2"]
[WhiteElo "2398"]
[BlackElo "2287"]

1.e4 c5 2.Nf3 d6 3.Bb5+ Bd7 4.Bxd7+ Qxd7 5.O-O Nc6 6.c4 Nf6 7.Nc3 g6 8.d4 cxd4
9.Nxd4 Bg7 10.Nde2 O-O 11.f3 Rac8 12.Be3 Qd8 13.Qd2 Re8 14.Rac1 Qa5 15.b3 a6
16.Nd5  1/2-1/2

[Event "Stek Cup"]
[Site "Tula RUS"]
[Date "2004.11.21"]
[Round "6"]
[White "Sushkov,A"]
[Black "Gorbunov,O1"]
[Result "1/2-1/2"]
[WhiteElo "2275"]
[BlackElo "2266"]

1.e4 c5 2.Nf3 d6 3.Bb5+ Bd7 4.Qe2 a6 5.Bc4 Qb6 6.Nc3 e6 7.O-O Nf6 8.e5 dxe5
9.Nxe5 Bd6 10.Nxd7 Nbxd7 11.a4 h5 12.a5 Qc7 13.h3 g5 14.Ra3 Ne5 15.Ne4 Nxe4
16.Qxe4 Nxc4 17.Qxc4 O-O-O 18.d4 cxd4 19.Qxc7+ Kxc7 20.Rf3  1/2-1/2

[Event "10th It"]
[Site "Tuzla BIH"]
[Date "2004.11.21"]
[Round "5"]
[White "Nurkic,S"]
[Black "Marinkovic,Sl"]
[Result "0-1"]
[WhiteElo "2385"]
[BlackElo "2434"]

1.e4 c5 2.Nf3 d6 3.Bb5+ Bd7 4.Bxd7+ Qxd7 5.O-O Nf6 6.Re1 Nc6 7.c3 e6 8.d3 Be7
9.Bg5 O-O 10.Nbd2 Rac8 11.a3 Rfd8 12.d4 cxd4 13.cxd4 d5 14.e5 Ne8 15.Nb3 b6
16.Qd3 h6 17.Bf4 Bf8 18.g4 Ne7 19.Kh1 Qa4 20.Re2 Rc7 21.Rg1 Rdc8 22.h4 Qc4
23.Qd1 Qb5 24.h5 Kh8 25.Be3 a5 26.Nh4 a4 27.Na1 Nc6 28.g5 hxg5 29.Ng6+ fxg6
30.hxg6 Ne7 31.Ree1 Nf5 32.Qf3 Qd3 33.Rg4 Rc1 34.Rxc1 Rxc1+ 35.Kh2 Rxa1 36.Rxg5 Qe4
37.Qh3+ Nh6 38.Qg2 Qh4+  0-1

[Event "Petrosian Mem Open"]
[Site "Yerevan ARM"]
[Date "2004.11.21"]
[Round "3"]
[White "Melkumyan,H"]
[Black "Bagaturov,G"]
[Result "1-0"]
[WhiteElo "2315"]
[BlackElo "2451"]

1.e4 c5 2.Nf3 d6 3.Bb5+ Bd7 4.Bxd7+ Qxd7 5.O-O Nc6 6.c3 Nf6 7.d4 Nxe4 8.d5 Ne5
9.Re1 Nxf3+ 10.Qxf3 Nf6 11.c4 e5 12.dxe6 fxe6 13.Bg5 Be7 14.Nc3 O-O-O 15.Qe2 e5
16.a4 h6 17.Bxf6 gxf6 18.Nd5 Rdg8 19.a5 Bd8 20.a6 b6 21.b4 Kb8 22.bxc5 dxc5
23.Red1 Qe6 24.Re1 Rg7 25.Ra3 Rhg8 26.Rg3 Qc8 27.Ra1 Rxg3 28.hxg3 Qg4 29.Qc2 Rg7
30.Ne3 Qe6 31.Qe4 Rd7 32.g4 Qf7 33.Rd1 Rxd1+ 34.Nxd1 Qd7 35.Ne3 Qc8 36.Qd5 Bc7
37.Nf5 Qxa6 38.Ne7 Qa1+ 39.Kh2 e4+ 40.g3 a5 41.Qg8+ Ka7 42.Qc8  1-0

[Event "Lushki A"]
[Site "Serpukhov RUS"]
[Date "2004.11.23"]
[Round "7"]
[White "Zaitsev,Vl2"]
[Black "Moskalenko,A"]
[Result "1/2-1/2"]
[WhiteElo "2392"]
[BlackElo "2319"]

1.e4 c5 2.Nf3 d6 3.Bb5+ Bd7 4.Bxd7+ Qxd7 5.O-O Nc6 6.c3 Nf6 7.Qe2 e6 8.Rd1 Be7
9.Na3 O-O 10.Nc2 Rac8 11.d4 cxd4 12.Ncxd4 Nxd4 13.Nxd4 a6 14.c4 Rfd8 15.b3 Qc7
16.Bb2 Nd7 17.Rac1 Bf6 18.Rc3 g6 19.Rcd3 Bg7 20.h4  1/2-1/2

[Event "10th It"]
[Site "Tuzla BIH"]
[Date "2004.11.23"]
[Round "7"]
[White "Nurkic,S"]
[Black "Rosic,S1"]
[Result "1-0"]
[WhiteElo "2385"]
[BlackElo "2293"]

1.e4 c5 2.Nf3 d6 3.Bb5+ Bd7 4.a4 Nc6 5.O-O g6 6.Re1 Bg7 7.c3 e5 8.Na3 Nge7
9.Nc4 Be6 10.Ng5 Bc8 11.d4 cxd4 12.cxd4 exd4 13.Bf4 O-O 14.Nxd6 Be6 15.Nxe6 fxe6
16.Qg4 Rxf4 17.Qxf4 Ne5 18.Nc4 Nd3 19.Qg4 Nxe1 20.Qxe6+ Kh8 21.Nd6 Qf8 22.Rxe1 h6
23.e5 Nf5 24.Qxg6 Nxd6 25.Bd3  1-0

[Event "XLIII WJun"]
[Site "Kochin IND"]
[Date "2004.11.24"]
[Round "8"]
[White "Cifka,S"]
[Black "Smeets,J"]
[Result "0-1"]
[WhiteElo "2310"]
[BlackElo "2515"]

1.e4 c5 2.Nf3 d6 3.Bb5+ Nd7 4.c3 Nf6 5.Qe2 a6 6.Ba4 e5 7.O-O Be7 8.d4 b5
9.Bc2 O-O 10.Rd1 Qc7 11.h3 cxd4 12.cxd4 Bb7 13.a3 exd4 14.Nxd4 d5 15.Nc3 dxe4
16.Nxe4 Rfe8 17.Nxf6+ Bxf6 18.Be3 Rad8 19.Rac1 Qe5 20.Bb1 Nb6 21.Qc2 g6 22.Nc6 Bxc6
23.Qxc6 Rxd1+ 24.Rxd1 Nc4 25.Bd4 Rd8 26.Bxe5 Rxd1+ 27.Kh2 Bxe5+ 28.f4 Bxf4+
29.g3 Rd2+ 30.Kh1 Bxg3 31.Qf3 Rh2+ 32.Kg1 Rxb2 33.Qxg3 Rxb1+ 34.Kh2 Rb2+
35.Kg1 Ra2 36.h4 Rxa3 37.Qg5 Re3 38.Kf2 h5 39.Qc5 Kg7 40.Qc6 Re6 41.Qb7 Rb6
42.Qd7 a5 43.Qd4+ Kg8 44.Qd8+ Kh7 45.Qd5 Rf6+ 46.Kg3 Rf5 47.Qa8 a4 48.Kh2 a3
49.Qa6 Kg7 50.Kg1 Rf3 51.Qa7 Rd3 52.Kf2 a2 53.Ke2 Re3+ 54.Kf2 Ra3 55.Qd4+ Kh7
56.Qa1 Nd2  0-1

[Event "Stek Cup"]
[Site "Tula RUS"]
[Date "2004.11.24"]
[Round "8"]
[White "Kozlov,M1"]
[Black "Khanov,V"]
[Result "0-1"]
[WhiteElo "2282"]
[BlackElo "2216"]

1.e4 c5 2.Nf3 d6 3.Bb5+ Bd7 4.Bxd7+ Qxd7 5.c4 g6 6.d4 cxd4 7.Nxd4 Bg7 8.O-O Nc6
9.Be3 Nf6 10.f3 O-O 11.Nc3 Rfc8 12.b3 Qd8 13.Qd2 Qa5 14.Rac1 Nd7 15.Nde2 Nc5
16.Rfd1 a6 17.Nd5 Qxd2 18.Rxd2 Nd7 19.Kf2 Kf8 20.Nec3 Rab8 21.Nb6 Nxb6 22.Bxb6 Ne5
23.Nd5 Rc6 24.Bd4 Bh6 25.Be3 Bxe3+ 26.Kxe3 Nd7 27.Rdc2 Rbc8 28.Kd4 a5 29.Nc3 b6
30.Nb5 Rc5 31.Rd1 Rxb5  0-1

[Event "Petrosian Mem Open"]
[Site "Yerevan ARM"]
[Date "2004.11.24"]
[Round "6"]
[White "Sulashvili,M"]
[Black "Nalbandian,T"]
[Result "0-1"]
[WhiteElo "2326"]
[BlackElo "2504"]

1.e4 c5 2.Nf3 d6 3.Bb5+ Bd7 4.Bxd7+ Qxd7 5.c4 Nc6 6.Nc3 Nf6 7.d4 cxd4 8.Nxd4 Qg4
9.O-O Qxd1 10.Rxd1 g6 11.Nxc6 bxc6 12.c5 dxc5 13.Be3 e6 14.f3 Rb8 15.Na4 Nd7
16.Rac1 Rb5 17.Rc2 Be7 18.b3 f5 19.exf5 gxf5 20.Rdc1 Kf7 21.Nxc5 Nxc5 22.Bxc5 Bxc5+
23.Rxc5 Rxc5 24.Rxc5 Rd8 25.Ra5 f4 26.Rxa7+ Kf6 27.h4 Rd2 28.b4 h5 29.Ra5 Rb2
30.a3 Ra2 31.Kh2 e5 32.Ra6 e4 33.Rxc6+ Ke5 34.fxe4 f3 35.Kg3 f2 36.Rc1 Kxe4
37.b5 Ke3 38.Rf1 Rb2 39.a4 Rb4 40.a5 Rg4+ 41.Kh3 Ke2 42.Ra1 f1=Q 43.Rxf1 Kxf1
44.a6 Ra4 45.Kg3 Ke2 46.a7 Rxa7 47.Kf4 Ra5 48.b6 Rb5 49.g4 Rb4+  0-1

[Event "RusFed Internet Blitz Cup"]
[Site "ChessAssistantClub INT"]
[Date "2004.11.25"]
[Round "7"]
[White "Pugachov,A"]
[Black "Shipov,S"]
[Result "0-1"]
[WhiteElo "2449"]
[BlackElo "2588"]

1.e4 c5 2.Nf3 d6 3.Bb5+ Bd7 4.a4 Nc6 5.O-O Nf6 6.Re1 g6 7.c3 Bg7 8.h3 O-O
9.d4 cxd4 10.cxd4 d5 11.e5 Ne4 12.Nc3 Nxc3 13.bxc3 Rc8 14.Bf4 a6 15.Bd3 Na5
16.Bd2 Rc6 17.Ng5 Qc8  0-1

[Event "Petrosian Mem Open"]
[Site "Yerevan ARM"]
[Date "2004.11.25"]
[Round "7"]
[White "Rukhaia,K"]
[Black "Makarov,M"]
[Result "1/2-1/2"]
[WhiteElo "2342"]
[BlackElo "2525"]

1.e4 c5 2.Nf3 d6 3.Bb5+ Nd7 4.d4 Nf6 5.Nc3 cxd4 6.Qxd4 e5 7.Qd3 h6 8.Be3 Be7
9.Bc4 a6 10.a4 Qc7 11.O-O Nc5 12.Bxc5 Qxc5 13.Nd5 Nxd5 14.Bxd5 O-O 15.Ra3 Rb8
16.Rc3 Qa5 17.Qc4 b5 18.axb5 axb5 19.Qc7 Qxc7 20.Rxc7 Bd8 21.Rc6 Be7 22.Rc7 Bd8  1/2-1/2

[Event "17th Belgrade Trophy"]
[Site "Obrenovac SCG"]
[Date "2004.11.26"]
[Round "5"]
[White "Popovic,Du"]
[Black "Predojevic,B"]
[Result "1/2-1/2"]
[WhiteElo "2447"]
[BlackElo "2509"]

1.e4 c5 2.Nf3 d6 3.Bb5+ Bd7 4.Bxd7+ Qxd7 5.O-O Nc6 6.c3 Nf6 7.d4 cxd4 8.cxd4 Nxe4
9.d5 Ne5 10.Re1 Nf6 11.Nxe5 dxe5 12.Nc3 g6 13.Rxe5 Bg7 14.Qe2 Ng4 15.Re4 Nf6
16.Re5 Ng4  1/2-1/2

[Event "National Chess Congress"]
[Site "Philadephia USA"]
[Date "2004.11.26"]
[Round "1"]
[White "Formanek,E"]
[Black "Samuelson,A"]
[Result "1/2-1/2"]
[WhiteElo "2306"]
[BlackElo "2101"]

1.e4 c5 2.Nf3 d6 3.Bb5+ Bd7 4.Bxd7+ Qxd7 5.O-O Nc6 6.c4 g6 7.d4 cxd4 8.Nxd4 Bg7
9.Be3 Nf6 10.f3 O-O 11.Nc3 a6 12.Rc1 Rfc8 13.Nde2 b5 14.Nd5 Nxd5 15.cxd5 Ne5
16.b3 a5 17.Qd2 a4 18.Nd4 axb3 19.axb3 Qb7 20.Rxc8+ Rxc8 21.Rc1 Rxc1+ 22.Qxc1 h5
23.Nc6 e6 24.Nb4 Qa8 25.h3 Qa5 26.Nc6 Qa2 27.Nxe5 Bxe5 28.dxe6 fxe6 29.f4 Bf6
30.e5 dxe5 31.Qc8+ Kh7 32.Qxe6 Qa1+ 33.Kh2 exf4 34.Bxf4 Qd4 35.Bc7 Bg7 36.Bg3 Qc3
37.Bf4 Qf6 38.Qxf6 Bxf6 39.Kg3 Kg7 40.Kf3 Kf7 41.Ke4 Ke6 42.g4  1/2-1/2

[Event "It"]
[Site "Piestany SVK"]
[Date "2004.11.26"]
[Round "11"]
[White "Pinter,E"]
[Black "Meszaros,Mi"]
[Result "1/2-1/2"]
[WhiteElo "2375"]
[BlackElo "2322"]

1.e4 c5 2.Nf3 d6 3.Bb5+ Bd7 4.Bxd7+ Qxd7 5.c4 Nc6 6.O-O g6 7.d4 cxd4 8.Nxd4 Bg7
9.Be3 Nf6 10.f3 O-O 11.Nc3 Rac8 12.b3 a6 13.Qd3 e6 14.Rfd1 Rfd8 15.Rac1 Nh5
16.Nde2 Ne5 17.Qd2 Qe7  1/2-1/2

[Event "XLIII WJun"]
[Site "Kochin IND"]
[Date "2004.11.27"]
[Round "11"]
[White "Venkatesh,M"]
[Black "Rohit,G"]
[Result "1-0"]
[WhiteElo "2450"]
[BlackElo "2281"]

1.e4 c5 2.Nf3 d6 3.Bb5+ Bd7 4.Bxd7+ Qxd7 5.c4 Nf6 6.Nc3 Nc6 7.O-O Ne5 8.d3 g6
9.Ne1 Bg7 10.f4 Nc6 11.Nc2 O-O 12.Qf3 a6 13.h3 Rfb8 14.a4 Nd4 15.Nxd4 cxd4
16.Ne2 e5 17.b4 Ne8 18.a5 b6 19.axb6 Rxb6 20.Bd2 Rab8 21.g4 Nc7 22.f5 gxf5
23.gxf5 f6 24.Kh1 Qf7 25.Rg1 Kf8 26.Qg4 Bh8 27.Rg2 Ke7 28.Rag1 Rc8 29.Qh4 Rbb8
30.Rg4 Kd7 31.Qh6 Rg8 32.Ng3 Rxg4 33.hxg4 Bg7 34.Qh5 Qxh5+ 35.Nxh5 Bh8 36.g5 fxg5
37.Rxg5 Ke7 38.Ng3 Bf6 39.Rh5 Rh8 40.Rh6 Bg7 41.f6+ Bxf6 42.Nf5+ Ke6 43.Bg5 Ne8
44.Nxd6 Nxd6 45.Rxf6+ Kd7 46.c5 Nb5 47.Rxa6 Rb8 48.Bf6 Re8 49.Rb6 Nc7 50.b5 Re6
51.c6+ Kd6 52.Bd8 Rh6+ 53.Kg2 Ne6 54.c7+ Kd7 55.Kf2 Rg6 56.Rd6+ Kc8 57.b6 Nf4
58.Bf6 Nxd3+ 59.Ke2 Nf4+ 60.Kf3  1-0

[Event "Petrosian Mem Open"]
[Site "Yerevan ARM"]
[Date "2004.11.27"]
[Round "9"]
[White "Rukhaia,K"]
[Black "Ambartsoumian,A"]
[Result "1-0"]
[WhiteElo "2342"]
[BlackElo "2419"]

1.e4 c5 2.Nf3 d6 3.Bb5+ Bd7 4.Bxd7+ Qxd7 5.c4 Qg4 6.O-O Qxe4 7.d4 Nd7 8.Re1 Qc6
9.Nc3 a6 10.Bf4 Ngf6 11.d5 Qc7 12.Qd2 h6 13.h4 Rg8 14.a3 O-O-O 15.b4 Kb8
16.Na4 Nh5 17.bxc5 Nxf4 18.Qxf4 g5 19.Qxf7 Rg7 20.Qf5 Nxc5 21.Nxc5 Qxc5 22.hxg5 Qxc4
23.Rac1 Qa4 24.gxh6 Rg4 25.h7 Bh6 26.Rc8+ Rxc8 27.Qxc8+ Kxc8 28.h8=Q+ Kc7
29.Rxe7+ Kb6 30.Qxh6 Qd1+ 31.Kh2 Qxd5 32.Qe3+ Kc6 33.Ne1 a5 34.Qf3 Qxf3 35.Nxf3 b5
36.Re3 Ra4 37.Kh3 d5 38.g4 d4 39.Rd3 Kd5 40.g5 Rc4 41.Rxd4+ Rxd4 42.Nxd4 Kxd4
43.g6  1-0

[Event "Bundesliga 2004-5"]
[Site "Stuttgart GER"]
[Date "2004.11.28"]
[Round "4"]
[White "Oral,T"]
[Black "Miroshnichenko,E"]
[Result "1/2-1/2"]
[WhiteElo "2565"]
[BlackElo "2617"]

1.e4 c5 2.Nf3 d6 3.Bb5+ Bd7 4.Bxd7+ Qxd7 5.c4 Nc6 6.d4 cxd4 7.Nxd4 Nf6 8.Nc3 g6
9.Nde2 Bg7 10.f3 O-O 11.O-O Rfc8 12.Be3 Qd8 13.b3 a6 14.a4 Nd7 15.Rb1 Nc5
16.Kh1 Rab8 17.Qd2 Qa5 18.b4 Nxb4 19.Nd5 Nxd5 20.Qxa5 Nxe3 21.Rfc1 Nd3 22.Qb6 Nxc1
23.Rxc1 Nxc4 24.Qa7 d5 25.exd5 Nd6 26.g3 Bf6 27.Qb6 Kg7 28.a5 Rxc1+ 29.Nxc1 Rc8
30.Nd3 Rc4 31.f4 Rd4 32.Qb3 h5 33.Ne5 Rd2 34.Nc4 Nxc4 35.Qxc4 Rb2 36.h3 Rb5
37.Qa2 Bc3 38.Qa3 Bb4 39.Qb2+ f6 40.g4 hxg4 41.hxg4 Bxa5 42.Qe2 Bb4 43.Qe6 Bd6
44.g5 f5 45.Qe1 Rb6 46.Qe3 Rb1+ 47.Kg2 Rb2+ 48.Kh1 Rb1+ 49.Kg2 Rb2+  1/2-1/2

[Event "17th Belgrade Trophy"]
[Site "Obrenovac SCG"]
[Date "2004.11.29"]
[Round "8"]
[White "Nestorovic,DN"]
[Black "Arsovic,Z"]
[Result "1-0"]
[WhiteElo "2239"]
[BlackElo "2453"]

1.e4 c5 2.Nf3 d6 3.Bb5+ Bd7 4.Bxd7+ Nxd7 5.O-O Ngf6 6.Qe2 e6 7.c3 Be7 8.d4 cxd4
9.cxd4 d5 10.e5 Ne4 11.Ne1 Qb6 12.Be3 f6 13.f3 Ng5 14.Nd3 O-O 15.Nd2 fxe5
16.dxe5 Qa6 17.f4 Nf7 18.Nb3 Rac8 19.Rad1 Nh6 20.g4 Rc4 21.Nd4 Nc5 22.f5 exf5
23.gxf5 Nxd3 24.Rxd3 Nxf5 25.Rxf5 Qg6+ 26.Qg2 Rxf5 27.Nxf5 Qxf5 28.Qxd5+ Qf7
29.Qxf7+ Kxf7 30.Rd7 a5 31.b3 Rb4 32.Bc5  1-0

[Event "TCh-SLO"]
[Site "Celje SLO"]
[Date "2004.11.30"]
[Round "2"]
[White "Barle,J"]
[Black "Guid,M"]
[Result "1-0"]
[WhiteElo "2406"]
[BlackElo "2258"]

1.e4 c5 2.Nf3 d6 3.Bb5+ Nc6 4.O-O Bd7 5.Re1 Nf6 6.d3 g6 7.Nc3 Bg7 8.Bxc6 Bxc6
9.e5 dxe5 10.Nxe5 Bd5 11.Bg5 O-O 12.Qd2 Re8 13.Bh6 Bh8 14.Qg5 b6 15.h4 Bb7
16.Re3 Nd5 17.Nxd5 Qxd5 18.Qg3 Rad8 19.h5 Rd6 20.hxg6 hxg6 21.Rae1 Qxa2 22.Nc4 Rd7
23.Re6 Kh7 24.Bg5 Qa4 25.Qh3+ Kg8 26.Rxg6+ fxg6 27.Qe6+ Kh7 28.Qf7+ Bg7 29.Re3 Bxg2
30.Kxg2 Qc6+ 31.Kg1  1-0